=LDR 00000nam 2200000 4500 =001 INLIS000000000005538 =005 20251017091032 =035 ##$$a 0010-1025000593 =007 ta =008 251017###########################0#ind## =082 ##$$a 613.26 =084 ##$$a 613.26 KUS t =100 #$$a Kusin Jane A =245 1#$$a Traditional Infant Feeding Practices Right or Wrong /$c Badan Koordinasi Keluarga Berencana Nasional =260 ##$:$b Badan Koordinasi Keluarga Berencana Nasional =300 ##$$a 4 Hal : $b Ilus ; $c 21 =650 #4$$a Keluarga Berencana =700 #$$a Sri Kardjati =700 #$$a Wil Yan Stenbergen =856 ##$$a Perpustakaan Kemendukbangga